Caso sem solucão (Record no. 44953)
[ view plain ]
| 000 -Etiqueta do registo | |
|---|---|
| Valores | 00550cam a2200205 4500 |
| 100 ## - Dados gerais de processamento | |
| Dados gerais | 19911122d1991 em y0pory5003 ba |
| 101 1# - Língua de publicação | |
| Língua | por |
| 102 ## - País de publicação | |
| País | PT |
| 200 1# - Titulo e menção de responsabilidade | |
| Título próprio | Caso sem solucão |
| Primeira menção de responsabilidade | Leo Bruce |
| Outras menções de responsabilidade | trad. Catarina Lima |
| 210 #9 - Publicação | |
| Local de publicação | Lisboa |
| Nome do editor | Livros do Brasil, |
| Data de publicação | 1991 |
| 215 ## - Descrição física | |
| Paginação / Volumes | 202, [1] p. |
| Dimensões | 16 cm |
| 225 2# - Colecção | |
| Título próprio da colecção | Vampiro |
| Indicação de volume | 528 |
| 304 ## - Nota relativa ao título | |
| Texto de nota | Tít. orig. : Case with no conclusion |
| 675 ## - CDU | |
| Notação | 821.111-312.4"19" |
| Edição | BN |
| Língua | por |
| 700 #1 - Autor principal | |
| Apelido | Bruce, |
| Nome | Leo, |
| 702 #1 - Autor secundário | |
| Apelido | Lima, |
| Nome | Catarina |
| Função | 730 |
| 801 #0 - Fonte de origem | |
| País | PT |
| Agência | BN |
| Regras de catalogação | RPC |
| 990 ## - Elementos KOHA | |
| Tipo de documento | Livro |
| Aquisição | Empréstimo | Código de barras | Cota | Permissão de empréstimo | Tipo de documento |
|---|---|---|---|---|---|
| Biblioteca Municipal de Redondo | Biblioteca Municipal de Redondo | 055265 | 821.111-3 BRU | Livro |